000 00288nam a22001217a 4500
008 160510b xxu||||| |||| 00| 0 eng d
020 _a9780321651785
020 _a0321651782
041 _aeng
080 _a54
245 _aChemistry a molecular approach;
_cNivaldo Tro;
942 _2udc
_cBK
999 _c1986
_d1986